000 00751nam a2200253Ia 4500
003 OSt
005 20220923224817.0
006 a|||||r|||| 00| 0
007 ta
008 220922b |||||||| |||| 00| 0 hin d
024 _a251,159
037 _cTextual
040 _aARTS
_cARTS
_bhin
041 _2hin
_ahin
082 _aO152,1N493x, M9
100 _aप्रताप सिंह
245 0 _aअक्षर
246 _aAkṣhara
260 _aदिल्ली
_b जयश्री प्रकाशन
_c1989
300 _a100पृ.
_ccm.
650 _aहिन्दी साहित्य
_9156264
942 _hO152,1N493x, M9
_cTEXL
_2CC
999 _c373833
_d373833